| 000 | 00511pab a2200169 454500 | ||
|---|---|---|---|
| 008 | 180718b2013 xxu||||| |||| 00| 0 eng d | ||
| 100 | _aKoning, Pierre | ||
| 245 | _aCream-skimming, parking and other intended and unintended effects of high-powered performance based contracts | ||
| 260 | _c2013 | ||
| 300 | _ap.461-483. | ||
| 362 | _aSummer | ||
| 650 | _aPerformance appraisal | ||
| 700 | _aHeinrich, Carolyn J. | ||
| 773 | _aJournal of Policy Analysis and Management | ||
| 908 | _aN | ||
| 909 | _a100797 | ||
| 999 |
_c100796 _d100796 |
||